|
|
|
|
| LEADER |
01022nab a2200265 i 4500 |
| 001 |
publ9106 |
| 005 |
20191025150222.0 |
| 008 |
170503s2014 hu o 0|| zxx d |
| 022 |
|
|
|a 0048-9697
|
| 024 |
7 |
|
|a 10.1016/j.scitotenv.2014.01.056
|2 doi
|
| 024 |
7 |
|
|a 2520481
|2 mtmt
|
| 040 |
|
|
|a SZTE Publicatio Repozitórium
|b hun
|
| 041 |
|
|
|a zxx
|
| 100 |
1 |
|
|a Csépe Zoltán
|
| 245 |
1 |
0 |
|a Predicting daily ragweed pollen concentrations using computational intelligence techniques over two heavily polluted areas in Europe
|h [elektronikus dokumentum] /
|c Csépe Zoltán
|
| 260 |
|
|
|c 2014
|
| 300 |
|
|
|a 542-552
|
| 490 |
0 |
|
|a SCIENCE OF THE TOTAL ENVIRONMENT
|v 476-477
|
| 700 |
0 |
1 |
|a Makra László
|e aut
|
| 700 |
0 |
1 |
|a Voukantsis Dimitris
|e aut
|
| 700 |
0 |
1 |
|a Matyasovszky István
|e aut
|
| 700 |
0 |
1 |
|a Tusnády Gábor
|e aut
|
| 700 |
0 |
1 |
|a Karatzas Kostas
|e aut
|
| 700 |
0 |
1 |
|a Thibaudon Michel
|e aut
|
| 856 |
4 |
0 |
|u http://publicatio.bibl.u-szeged.hu/9106/1/Predicting_daily_ragweed_pollen_concentrations_using_Computational_u.pdf
|z Dokumentum-elérés
|